000 00394nam a2200145Ia 4500
005 20260328101443.0
008 260328s9999||||xx |||||||||||||| ||und||
100 _aAndión Gamboa, Eduardo
245 0 _aSeminario :
_b La posModernidad /
_cEduardo Andión Gamboa
250 _a1a ed.
260 _bUniversidad Autónoma Metropolitana
300 _a217 p.
650 _aARQUITECTURA
942 _cBK
999 _c8372
_d8372